Bank of England Climate change (Record no. 121173)
[ view plain ]
| 000 -LEADER | |
|---|---|
| fixed length control field | 00657nam a22001577a 4500 |
| 001 - CONTROL NUMBER | |
| control field | K121173 |
| 008 - FIXED-LENGTH DATA ELEMENTS--GENERAL INFORMATION | |
| fixed length control field | 190716b2019 ||||| |||| 00| 0 eng d |
| 110 ## - MAIN ENTRY--CORPORATE NAME | |
| 9 (RLIN) | 2779 |
| Corporate author | Bank of England |
| 245 ## - TITLE STATEMENT | |
| Title | Bank of England Climate change |
| 520 ## - ABSTRACT | |
| Abstract | Climate change, and society’s response to it, present financial risks relevant to the Bank’s objectives. The Bank of England is carrying out ongoing work to assess and respond to climate-related financial risks |
| 650 ## - KEYWORDS | |
| Keywords | Climate change |
| 650 ## - KEYWORDS | |
| Keywords | Value the planet |
| 650 ## - KEYWORDS | |
| Keywords | Risk |
| 690 ## - LOCAL SUBJECT ADDED ENTRY--TOPICAL TERM (OCLC, RLIN) | |
| 9 (RLIN) | 6238 |
| Topical term or geographic name as entry element | Environment |
| 856 ## - ONLINE RESOURCE | |
| Uniform Resource Identifier | https://www.bankofengland.co.uk/climate-change |
| Public note | View at bankofengland.co.uk |
| Withdrawn status | Lost status | Source of classification or shelving scheme | Damaged status | Not for loan | Home library | Current library | Shelving location | Date acquired | Total Checkouts | Date last seen | Price effective from | Koha item type |
|---|---|---|---|---|---|---|---|---|---|---|---|---|
| Dewey Decimal Classification | Virtual | Virtual | Online | 04/12/2019 | 04/12/2019 | 04/12/2019 | Online material |